| 000 | 00319nam a2200109Ia 4500 | ||
|---|---|---|---|
| 008 | 230907s9999||||xx |||||||||||||| ||und|| | ||
| 082 |
_a620.00420285 _bCHA |
||
| 245 | 0 | _aMotion simulation and mechanism design with solidworks motion 2017 / | |
| 260 |
_aSDC Publications, _c2017 |
||
| 300 | _avarious pages. | ||
| 942 | _cBK | ||
| 999 |
_c601488 _d601488 |
||